| 000 | 00485nam a2200181Ia 4500 | ||
|---|---|---|---|
| 001 | 16765 | ||
| 005 | 20260306170335.0 | ||
| 008 | 260306t2006||||xx |||||||||||||| ||und|| | ||
| 041 | _aESP | ||
| 082 |
_a349.851 _bC92 |
||
| 100 |
_aCruzado Balcázar, Alejandro _eAUT |
||
| 245 | 0 |
_aEl proceso Atahualpa: _bel proceso histórico y jurídico contra Atahualpa |
|
| 260 | _c2006 | ||
| 300 |
_a332 páginas : XXV _c22 cm. |
||
| 650 | _aGEN | ||
| 654 | _aCDE | ||
| 942 |
_cLIB _dJUS _fJUS _2ddc _n |
||
| 999 |
_c16765 _d16765 |
||